Modos de producción en América Latina /

Bibliographic Details
Other Authors: Assadourian, Carlos Sempat
Format: Libro
Language:Spanish
Published: México Siglo Veintiuno 1986
Edition:1a. ed.
Series:Cuadernos de pasado y presente 40
Subjects:
Online Access:

MARC

LEADER 00000cam a2200000 a 4500
001 009063
003 UAHC_CL
005 20170803120529.0
008 040611b1986 mx 100 spa
020 |a 9682302501 
040 |a UAHC_CL  |c UAHC_CL  |d UAHC_CL 
245 1 0 |a Modos de producción en América Latina /  |c Carlos Sempat ... [et al.]. 
250 |a 1a. ed. 
260 |a México  |c 1986  |b Siglo Veintiuno 
300 |a 242 p. 
490 0 |a Cuadernos de pasado y presente  |v 40 
650 4 |a CAPITALISMO  |z AMERICA LATINA 
650 4 |a PRODUCCION (TEORIA ECONOMICA) 
650 4 |a AMERICA LATINA 
653 |a INGENIERIA COMERCIAL 
700 1 |a Assadourian, Carlos Sempat 
900 |a 330.98 MOD 
942 |c BK 
952 |0 0  |1 0  |4 0  |6 330_980000000000000_MOD  |7 0  |8 General  |9 19146  |a BC  |b BC  |c General  |d 2017-08-03  |l 0  |o 330.98 MOD  |p 1344185  |r 2026-01-13 00:00:00  |t 1  |w 2017-08-03  |y BK 
999 |c 9063  |d 9063